000 01109cam0 2200289 ib4500
001 BY-MI0004-br48266
005 20260319112034.0
010 ^d175000 р.
035 ^a(BY-MI0004)BY-MI0004-br48266
100 ^a20250714d1997 a y0rusy50 ca
101 1 ^arus
^ceng
102 ^aRU
105 ^aa z 000ay
109 ^ama
200 1 ^aБарсук под крыльцом
^aЁжики в холле
^e[повести для детей]
^fЛюси Дэниелс
210 ^aМосква
^cАрмада
^d1997
215 ^a218 с.
^cил.
225 1 ^aКовчег зверей
608 ^3BY-NLB-ar9019
^aДЕТСКАЯ И ЮНОШЕСКАЯ ЛИТЕРАТУРА (художеств. произведение)
^2BYGNR
608 ^3BY-NLB-ar23936
^aПОВЕСТЬ
^2BYGNR
686 ^a84(4Вел)
^2rubbk
690 ^a1
^2Base
^9BY-MI0004
^xRSEK
700 1 ^3BY-SEK-ar13495560
^aДэниелс
^bЛ.
^gЛюси
^cпсевдоним
801 0 ^aBY
^bBY-MI0004
^c20250714
^gRCR
899 ^aBY-MI0004
^h84(4Вел)
^iД 94